| 000 | 00747nam a22001935i 4500 | ||
|---|---|---|---|
| 001 | 156844 | ||
| 003 | ES-MaACL | ||
| 005 | 20251110063231.0 | ||
| 008 | 990218s1857 fr |||| | fre d | ||
| 040 |
_aCAM _bspa _cCAM |
||
| 100 | 1 |
_aLacordaire, Henri-Dominique, _d1802-1861 _9128564 |
|
| 245 | 1 | 0 |
_aMélanges / _cpar Henri-Dominique Lacordaire des frères prècheurs. |
| 260 |
_aParis : _bPoussielgue-Rusand, _c1857 ( _eTours : _fImprimerie Mame) |
||
| 300 |
_a[4], 405 p. ; _c19 cm. |
||
| 490 | 1 |
_aOeuvres de Henri-Dominique Lacordaire ; _v6 |
|
| 830 | 0 |
_aOeuvres de Henri-Dominique Lacordaire ; _v6 _9188083 |
|
| 852 |
_aES-MaACL _jG-10528 _z-- Enc. hol. deteriorada _x-- Edic.: Es el nº 6 de la serie |
||
| 999 |
_c156844 _d156844 |
||